| 000 | 00331nam a2200109Ia 4500 | ||
|---|---|---|---|
| 008 | 171211s9999 xx 000 0 und d | ||
| 245 | _aMastering Android Wear Application Development | ||
| 245 | _cJaveed Chida and Siddique Hameed | ||
| 260 | _c2016 | ||
| 650 | _xSOFTWARE | ||
| 856 | _uhttp://down.ebook777.com/064/9781785881725.pdf | ||
| 999 |
_c349301 _d349301 |
||